Handel zagraniczny

Enregistré dans:
Détails bibliographiques
Format: Publication en série
Langue:polonais
Publié: Warszawa Polska izba Handlu Zagranicznego 1987
Tags: Ajouter un tag
Pas de tags, Soyez le premier à ajouter un tag!

MARC

LEADER 00000nas2a2200000 4500
001 s040463
005 20250730114151.7
041 0 |a pol 
044 |a PL 
245 1 0 |a Handel zagraniczny 
264 1 |a Warszawa  |b Polska izba Handlu Zagranicznego  |c 1987 
300 |a 1 zv. 
773 0 |w eu_un_cat*s120722